00874 a2200193 45000010006000000050017000060080041000230030015000640400040000790800047001192450091001660200018002572640047002753000019003225050140003410410008004811000072004898560119005613017220260407155613.0260407a1987 arg spa dAR-UNSa-BCEJYS aAR-UNSa-BCEJYSbspacAR-UNSa-BCEJYS a336.5xGasto público. Gastos del estado 10aEl fracaso del estatismopuna propuesta para la reforma del sector público argentino a950-37-0287-9 1aBuenos Aires :bSudamericana/Planetac1987 a655 p.c22 cm. a1. Administración Pública - 2. Educación, salud y seguridad social - 3. Empresas del estado - 4. Actividad regulatoria del estado aspa1 aFundación de Investigaciones Económicas Latinoamericanas (FIEL)41uhttps://biblioeco.unsa.edu.ar/pmb/images/libros/El Fracaso del Estatismo-l45957.jpgyImagen de portadaqimage/jpeg